[Event "Titled Tuesday intern op 19th Apr Early"]
[Site "Chess.com INT"]
[Date "2022.04.19"]
[Round "5"]
[White "Vidonyak, Roman"]
[Black "Zemerov, Vladimir"]
[Result "0-1"]
[WhiteElo "2442"]
[BlackElo "2268"]
[PlyCount "98"]
[EventDate "2022.04.19"]
[EventType "swiss (blitz)"]
[EventRounds "11"]
[EventCountry "USA"]
[SourceTitle "EXT 2023"]
[Source "ChessBase"]
[SourceDate "2022.10.05"]
[SourceVersion "1"]
[SourceVersionDate "2022.10.05"]
[SourceQuality "1"]

1. d4 d6 2. c4 g6 3. Nc3 Bg7 4. e4 Nc6 5. Nge2 e5 6. d5 Nd4 7. Be3 Bg4 8. h3 Bxe2 9. Bxe2 c5 10. dxc6 bxc6 11. 0-0 Ne7 12. Qd2 0-0 13. Rab1 Rb8 14. Bd3 f5 15. Bxd4 exd4 16. Ne2 f4 17. Nxf4 Bh6 18. g3 c5 19. Kg2 Qd7 20. f3 Nc6 21. Kh2 Ne5 22. b3 Nxd3 23. Qxd3 Bxf4 24. gxf4 Rxf4 25. Rg1 Rbf8 26. Rbf1 Qf7 27. Rg3 Qf6 28. b4 h5 29. bxc5 dxc5 30. e5 Qf5 31. Rxg6+ Kh7 32. Qxf5 R4xf5 33. Ra6 Rxf3 34. Rxa7+ Kg6 35. Ra6+ Kg5 36. Rg1+ Kh4 37. Rag6 Rxh3+ 38. Kg2 Rf4 39. e6 Re4 40. Rf1 Re2+ 41. Kg1 Rg3+ 42. Rxg3 Kxg3 43. a4 Rxe6 44. Ra1 d3 45. a5 d2 46. Kf1 Kf3 47. a6 Rxa6 48. Rd1 Rd6 49. Kg1 Ke2 0-1

[Event "Titled Tuesday intern op 22 Mar Early"]
[Site "Chess.com INT"]
[Date "2022.03.22"]
[Round "7"]
[White "Fiol, Fabrice"]
[Black "Zemerov, Vladimir"]
[Result "0-1"]
[WhiteElo "2271"]
[BlackElo "2268"]
[PlyCount "82"]
[EventDate "2022.03.22"]
[EventType "swiss (blitz)"]
[EventRounds "11"]
[EventCountry "USA"]
[SourceTitle "CBM 207 Extra"]
[Source "ChessBase"]
[SourceDate "2022.05.31"]
[SourceVersion "1"]
[SourceVersionDate "2022.05.31"]
[SourceQuality "1"]

1. e4 e5 2. Nf3 Nc6 3. Bc4 Nf6 4. d3 h6 5. c3 Be7 6. Bb3 d6 7. Nbd2 Be6 8. Nf1 Qd7 9. Ng3 g5 10. Bxe6 fxe6 11. Qb3 0-0-0 12. Bd2 g4 13. Ng1 h5 14. 0-0-0 h4 15. N3e2 Rdf8 16. f3 h3 17. gxh3 gxh3 18. Ng3 Kb8 19. N1e2 Nh5 20. Nxh5 Rxh5 21. Ng3 Rh4 22. Rdf1 d5 23. Rhg1 a6 24. Ne2 Bc5 25. Rg3 dxe4 26. dxe4 Qd3 27. Qd1 Rd8 28. f4 Qxe4 29. Qe1 Qc4 30. Kb1 e4 31. f5 e3 32. Bc1 Qd3+ 33. Ka1 exf5 34. Rgf3 Ra4 35. Rxf5 Qc4 36. a3 Na5 37. R1f4 Nb3+ 38. Kb1 Qd3+ 39. Ka2 Rxf4 40. Rxf4 Nd2 41. Rf3 Qb1# 0-1

[Event "Titled Tuesday intern op 22 Mar Early"]
[Site "Chess.com INT"]
[Date "2022.03.22"]
[Round "10"]
[White "Pesotskiy, Mikhail"]
[Black "Zemerov, Vladimir"]
[Result "0-1"]
[WhiteElo "2217"]
[BlackElo "2268"]
[PlyCount "81"]
[EventDate "2022.03.22"]
[EventType "swiss (blitz)"]
[EventRounds "11"]
[EventCountry "USA"]
[SourceTitle "CBM 207 Extra"]
[Source "ChessBase"]
[SourceDate "2022.05.31"]
[SourceVersion "1"]
[SourceVersionDate "2022.05.31"]
[SourceQuality "1"]

1. d4 d6 2. c4 g6 3. e4 Bg7 4. Nc3 Nc6 5. Be3 e5 6. d5 Nd4 7. Nge2 Bg4 8. Qd2 Bxe2 9. Bxe2 c5 10. dxc6 bxc6 11. 0-0 Ne7 12. b4 0-0 13. b5 c5 14. f3 f5 15. Bg5 Bf6 16. Bd3 f4 17. Bxf6 Rxf6 18. Ne2 g5 19. Nxd4 cxd4 20. h3 h5 21. Kf2 Ng6 22. Rac1 Rc8 23. Qb4 Qb6 24. a4 a5 25. Qb3 Rc5 26. Ke2 Nh4 27. Rg1 Rg6 28. Kd2 Kg7 29. Be2 Rc7 30. Kd3 Kh6 31. Rce1 Rg8 32. Ref1 Rgc8 33. Rc1 Rc5 34. Bd1 d5 35. exd5 Nf5 36. Be2 Nd6 37. Kd2 e4 38. Rgd1 d3 39. Bf1 Nxc4+ 40. Rxc4 Rxc4 41. Re1 0-1

[Event "Titled Tuesday intern op 22 Mar Early"]
[Site "Chess.com INT"]
[Date "2022.03.22"]
[Round "11"]
[White "Pinheiro, Iung Alicio"]
[Black "Zemerov, Vladimir"]
[Result "1-0"]
[WhiteElo "2320"]
[BlackElo "2268"]
[PlyCount "149"]
[EventDate "2022.03.22"]
[EventType "swiss (blitz)"]
[EventRounds "11"]
[EventCountry "USA"]
[SourceTitle "CBM 207 Extra"]
[Source "ChessBase"]
[SourceDate "2022.05.31"]
[SourceVersion "1"]
[SourceVersionDate "2022.05.31"]
[SourceQuality "1"]

1. c4 e5 2. g3 Nc6 3. Bg2 f5 4. Nc3 Nf6 5. a3 d6 6. e3 Be6 7. Nd5 Bxd5 8. cxd5 Ne7 9. Qb3 Rb8 10. d3 c6 11. dxc6 bxc6 12. Qa2 d5 13. Nf3 Ng6 14. 0-0 Bd6 15. b4 0-0 16. Bb2 Qd7 17. Rac1 Kh8 18. d4 e4 19. Ne5 Bxe5 20. dxe5 Ng4 21. Qa1 Qe6 22. Rc5 N4xe5 23. Rfc1 Rf7 24. Bd4 h6 25. h4 h5 26. Qc3 Rb6 27. Qc2 Rc7 28. Qe2 Nd3 29. Qxh5+ Kg8 30. Bh3 Rf7 31. Qg5 Nxc1 32. Rxc1 Rb8 33. h5 Ne7 34. Rc5 Qh6 35. Qh4 Rb5 36. Rxb5 cxb5 37. Bc5 Qf6 38. Qf4 Nc6 39. Bf1 Kh7 40. Bxb5 Ne5 41. Be2 g5 42. hxg6+ Nxg6 43. Qb8 f4 44. Bd4 Qc6 45. exf4 Qc1+ 46. Kg2 Qd2 47. f5 Qxd4 48. fxg6+ Kxg6 49. Qg8+ Rg7 50. Qe8+ Kh7 51. Qh5+ Kg8 52. Bg4 Rf7 53. Be6 Qxf2+ 54. Kh3 Qf1+ 55. Kh2 Qf2+ 56. Kh3 Qf1+ 57. Kh2 Qf2+ 58. Kh1 Qf3+ 59. Qxf3 exf3 60. Kg1 d4 61. Kf2 Kg7 62. Bxf7 Kxf7 63. Kxf3 Ke6 64. Ke4 Kd6 65. Kxd4 Ke6 66. g4 Kf6 67. Kc5 Kg5 68. Kb5 Kxg4 69. Ka6 Kf4 70. Kxa7 Ke5 71. b5 Kd6 72. a4 Kc5 73. b6 Kc6 74. a5 Kd7 75. a6 1-0

[Event "Titled Tuesday intern op 22 Mar Early"]
[Site "Chess.com INT"]
[Date "2022.03.22"]
[Round "3"]
[White "Zemerov, Vladimir"]
[Black "Karas, Marek"]
[Result "0-1"]
[WhiteElo "2268"]
[BlackElo "2284"]
[PlyCount "122"]
[EventDate "2022.03.22"]
[EventType "swiss (blitz)"]
[EventRounds "11"]
[EventCountry "USA"]
[SourceTitle "CBM 207 Extra"]
[Source "ChessBase"]
[SourceDate "2022.05.31"]
[SourceVersion "1"]
[SourceVersionDate "2022.05.31"]
[SourceQuality "1"]

1. d4 Nf6 2. c4 g6 3. Nc3 Bg7 4. e4 d6 5. h3 0-0 6. Bg5 c5 7. d5 b6 8. Bd3 a6 9. Nf3 b5 10. cxb5 axb5 11. Nxb5 Ba6 12. a4 Bxb5 13. axb5 Nbd7 14. 0-0 Qb6 15. Ra6 Rxa6 16. bxa6 c4 17. Bxc4 Nxe4 18. Bxe7 Re8 19. Bh4 Bxb2 20. Qa4 Nec5 21. Qb5 Ra8 22. Rb1 Qxb5 23. Bxb5 Bf6 24. Bxd7 Nxd7 25. Bxf6 Nxf6 26. Rb6 Nxd5 27. Rxd6 Nb4 28. Ne5 Nxa6 29. Rd7 Rf8 30. f4 Nc5 31. Ra7 Ne6 32. g3 h5 33. h4 Nd4 34. Kf2 Nf5 35. Kf3 Nh6 36. Ke4 Rc8 37. Nd7 Rc3 38. Nf6+ Kg7 39. Ne8+ Kf8 40. Ra8 Rxg3 41. Nf6+ Ke7 42. Nd5+ Kd6 43. Ra7 Rg4 44. Ra6+ Kc5 45. Ra5+ Kc6 46. Ra6+ Kb5 47. Rb6+ Kc5 48. Rb8 Rxh4 49. Rc8+ Kd6 50. Rd8+ Kc6 51. Rc8+ Kd7 52. Rc7+ Kd6 53. Rc8 Rh1 54. Rd8+ Kc6 55. Rc8+ Kd7 56. Rc7+ Kd6 57. Rc8 Re1+ 58. Ne3 Nf5 59. Rd8+ Ke7 60. Rd3 Rxe3+ 61. Rxe3 Nxe3 0-1

[Event "Titled Tuesday intern op 08th Mar Early"]
[Site "Chess.com INT"]
[Date "2022.03.08"]
[Round "8"]
[White "Zemerov, Vladimir"]
[Black "Baches Garcia, Guillermo"]
[Result "0-1"]
[WhiteElo "2268"]
[BlackElo "2329"]
[PlyCount "152"]
[EventDate "2022.03.08"]
[EventType "swiss (blitz)"]
[EventRounds "11"]
[EventCountry "USA"]
[SourceTitle "CBM 207 Extra"]
[Source "ChessBase"]
[SourceDate "2022.05.31"]
[SourceVersion "1"]
[SourceVersionDate "2022.05.31"]
[SourceQuality "1"]

1. Nf3 d5 2. d4 Nf6 3. c4 e6 4. Nc3 c5 5. cxd5 Nxd5 6. e4 Nxc3 7. bxc3 cxd4 8. cxd4 Bb4+ 9. Bd2 Bxd2+ 10. Qxd2 0-0 11. Bc4 Nd7 12. 0-0 b6 13. Rad1 Bb7 14. Rfe1 Rc8 15. Bb3 h6 16. Qf4 Qc7 17. Qh4 Nf6 18. d5 exd5 19. e5 Ne4 20. Bxd5 Nc3 21. Bxb7 Qxb7 22. Rd6 Nxa2 23. Qg3 Rc6 24. Nd4 Rxd6 25. exd6 Qd5 26. Qf4 Nb4 27. Re3 Rc8 28. h4 Rc4 29. Re8+ Kh7 30. d7 Qxd7 31. Qe4+ f5 32. Qxf5+ Qxf5 33. Nxf5 Kg6 34. Nd6 Rxh4 35. Ra8 a5 36. Nc8 Nd5 37. Ra7 Rc4 38. Rd7 Rxc8 39. Rxd5 a4 40. Rd6+ Kf5 41. Rxb6 Ra8 42. Rb2 a3 43. Ra2 Ke4 44. g4 Kd4 45. Kg2 Kc4 46. f4 Kb3 47. Ra1 a2 48. Kg3 Kb2 49. Rd1 a1Q 50. Rxa1 Rxa1 51. g5 hxg5 52. fxg5 Ra4 53. g6 Kc2 54. Kf3 Kd2 55. Kg3 Ra6 56. Kf4 Rxg6 57. Kf5 Rf6+ 58. Kg5 Kc3 59. Kg4 Kd4 60. Kg5 Ke5 61. Kg4 Rf5 62. Kh4 Ke4 63. Kg4 g6 64. Kg3 Rg5+ 65. Kf2 Kf4 66. Kf1 Rg3 67. Ke2 g5 68. Kd2 g4 69. Ke2 Re3+ 70. Kf2 g3+ 71. Kg2 Kg4 72. Kg1 Re8 73. Kg2 Rf8 74. Kg1 Kf3 75. Kf1 Re8 76. Kg1 Re1# 0-1

[Event "Titled Tuesday intern op 09th Nov"]
[Site "Chess.com INT"]
[Date "2021.11.09"]
[Round "4"]
[White "Kadam, Om Manish"]
[Black "Zemerov, Vladimir"]
[Result "0-1"]
[WhiteElo "2114"]
[BlackElo "2268"]
[PlyCount "118"]
[EventDate "2021.11.09"]
[EventType "swiss (blitz)"]
[EventRounds "11"]
[EventCountry "USA"]
[SourceTitle "CBM 205 Extra"]
[Source "ChessBase"]
[SourceDate "2022.01.31"]
[SourceVersion "1"]
[SourceVersionDate "2022.01.31"]
[SourceQuality "1"]

1. e4 e5 2. Nf3 Nc6 3. Bc4 Nf6 4. d3 Be7 5. 0-0 0-0 6. a4 d6 7. Re1 a6 8. Nbd2 Be6 9. c3 Bxc4 10. Nxc4 Qd7 11. h3 b5 12. Ne3 Rfb8 13. Nf5 Bf8 14. Bg5 Ne8 15. axb5 axb5 16. Qd2 f6 17. Be3 Ne7 18. Ng3 g6 19. d4 Qc6 20. h4 Ng7 21. h5 Nxh5 22. Nxh5 gxh5 23. Rxa8 Rxa8 24. Bh6 Ng6 25. Bxf8 Kxf8 26. Qh6+ Kg8 27. Qxh5 Ra2 28. Qf5 Kg7 29. dxe5 fxe5 30. Ng5 Qe8 31. Ne6+ Kg8 32. Nxc7 Qf7 33. Qxf7+ Kxf7 34. Nxb5 Rxb2 35. Nxd6+ Ke6 36. Nf5 Rc2 37. Re3 Nf4 38. Rf3 Rxc3 39. Rxc3 Ne2+ 40. Kh2 Nxc3 41. f3 Kf6 42. Kg3 Ne2+ 43. Kf2 Nf4 44. Ne3 Nd3+ 45. Ke2 Nc5 46. g3 h5 47. Nd5+ Kg5 48. Ke3 Ne6 49. f4+ exf4+ 50. gxf4+ Kg4 51. f5 Ng5 52. Nf6+ Kg3 53. e5 h4 54. e6 h3 55. e7 h2 56. e8Q h1Q 57. Qe5+ Kh3 58. Nd5 Qe1+ 59. Kd4 Nf3+ 0-1

[Event "Titled Tuesday intern op 09th Nov"]
[Site "Chess.com INT"]
[Date "2021.11.09"]
[Round "7"]
[White "Maltsevskaya, Aleksandra"]
[Black "Zemerov, Vladimir"]
[Result "1-0"]
[WhiteElo "2411"]
[BlackElo "2268"]
[PlyCount "89"]
[EventDate "2021.11.09"]
[EventType "swiss (blitz)"]
[EventRounds "11"]
[EventCountry "USA"]
[SourceTitle "CBM 205 Extra"]
[Source "ChessBase"]
[SourceDate "2022.01.31"]
[SourceVersion "1"]
[SourceVersionDate "2022.01.31"]
[SourceQuality "1"]

1. Nf3 d5 2. c4 c6 3. g3 Nf6 4. Bg2 e6 5. b3 Nbd7 6. 0-0 a5 7. Bb2 a4 8. a3 axb3 9. Qxb3 Nc5 10. Qc2 Na4 11. Bd4 Bd6 12. Nc3 dxc4 13. Nxa4 b5 14. Nb6 Ra6 15. Nxc8 Qxc8 16. a4 0-0 17. Bxf6 gxf6 18. axb5 Rxa1 19. Rxa1 cxb5 20. Qb2 Be7 21. Qxb5 c3 22. d3 c2 23. Qb2 Qc5 24. Rc1 Rc8 25. Nd4 Qa3 26. Qxa3 Bxa3 27. Rxc2 Rb8 28. Bf3 f5 29. Nc6 Rb1+ 30. Kg2 Kg7 31. Ra2 Bb2 32. Ra7 Bf6 33. Bh5 Kh6 34. Rxf7 Bc3 35. Bf3 Rc1 36. Re7 Bf6 37. Rxe6 Kg7 38. Bd5 h5 39. e4 fxe4 40. dxe4 h4 41. e5 Bg5 42. f4 Rc2+ 43. Kh3 Bh6 44. Re7+ Kg6 45. Be4+ 1-0

[Event "Titled Tuesday intern op 09th Nov"]
[Site "Chess.com INT"]
[Date "2021.11.09"]
[Round "6"]
[White "Nozdrachev, Leonid"]
[Black "Zemerov, Vladimir"]
[Result "1-0"]
[WhiteElo "2370"]
[BlackElo "2268"]
[PlyCount "103"]
[EventDate "2021.11.09"]
[EventType "swiss (blitz)"]
[EventRounds "11"]
[EventCountry "USA"]
[SourceTitle "CBM 205 Extra"]
[Source "ChessBase"]
[SourceDate "2022.01.31"]
[SourceVersion "1"]
[SourceVersionDate "2022.01.31"]
[SourceQuality "1"]

1. e4 e5 2. d4 exd4 3. c3 dxc3 4. Bc4 cxb2 5. Bxb2 d5 6. Bxd5 Nf6 7. Bxf7+ Kxf7 8. Qxd8 Bb4+ 9. Qd2 Bxd2+ 10. Nxd2 Re8 11. f3 c5 12. Ne2 b5 13. Nf4 Bb7 14. Rc1 c4 15. Kf2 Nbd7 16. Nb1 Nc5 17. Nc3 g5 18. Nxb5 gxf4 19. Nd6+ Ke6 20. Nxb7 Nd3+ 21. Ke2 Nxb2 22. Rc2 Nd3 23. Rxc4 Ne5 24. Rc7 Nfd7 25. Rd1 Rec8 26. Rd6+ Ke7 27. Rxc8 Rxc8 28. Ra6 Rc2+ 29. Kf1 Nd3 30. Rxa7 Rf2+ 31. Kg1 Rb2 32. g3 Rb1+ 33. Kg2 Ne1+ 34. Kf2 fxg3+ 35. hxg3 Nd3+ 36. Ke3 Nc1 37. Nc5 Kd6 38. Nxd7 Nxa2 39. Rxa2 Kxd7 40. Ra7+ Ke6 41. Rxh7 Rb2 42. Kf4 Rb1 43. g4 Rb8 44. Kg3 Rf8 45. Rh5 Rb8 46. Rf5 Rb3 47. g5 Rb7 48. Kg4 Rh7 49. g6 Rg7 50. Kg5 Rg8 51. Kh6 Rh8+ 52. Kg7 1-0

[Event "Titled Tuesday intern op 09th Nov"]
[Site "Chess.com INT"]
[Date "2021.11.09"]
[Round "11"]
[White "Zemerov, Vladimir"]
[Black "Fajdetic, Hrvoje"]
[Result "1-0"]
[WhiteElo "2268"]
[BlackElo "2151"]
[PlyCount "45"]
[EventDate "2021.11.09"]
[EventType "swiss (blitz)"]
[EventRounds "11"]
[EventCountry "USA"]
[SourceTitle "CBM 205 Extra"]
[Source "ChessBase"]
[SourceDate "2022.01.31"]
[SourceVersion "1"]
[SourceVersionDate "2022.01.31"]
[SourceQuality "1"]

1. Nf3 f5 2. d3 d6 3. e4 e5 4. Nc3 Nf6 5. Bg5 Be7 6. d4 exd4 7. Qxd4 0-0 8. Bc4+ Kh8 9. e5 Ng4 10. Bxe7 Qxe7 11. Nd5 dxe5 12. Nxe7 exd4 13. 0-0 c5 14. Ng5 g6 15. Rfe1 Nc6 16. Nxc6 bxc6 17. h3 Nf6 18. Re7 Rb8 19. b3 Nd5 20. Bxd5 cxd5 21. Rae1 c4 22. Rxh7+ Kg8 23. Ree7 1-0

[Event "Titled Tuesday intern op 09th Nov"]
[Site "Chess.com INT"]
[Date "2021.11.09"]
[Round "3"]
[White "Zemerov, Vladimir"]
[Black "Kislov, Oleg"]
[Result "1-0"]
[WhiteElo "2268"]
[BlackElo "2249"]
[PlyCount "98"]
[EventDate "2021.11.09"]
[EventType "swiss (blitz)"]
[EventRounds "11"]
[EventCountry "USA"]
[SourceTitle "CBM 205 Extra"]
[Source "ChessBase"]
[SourceDate "2022.01.31"]
[SourceVersion "1"]
[SourceVersionDate "2022.01.31"]
[SourceQuality "1"]

1. Nf3 d5 2. d4 Nf6 3. c4 e6 4. cxd5 exd5 5. Bg5 Bb4+ 6. Nc3 h6 7. Qa4+ Nc6 8. Bxf6 Qxf6 9. e3 0-0 10. Bb5 Bd7 11. Bxc6 Bxc3+ 12. bxc3 Bxc6 13. Qb3 Qd6 14. Ne5 f6 15. Ng6 Rfe8 16. 0-0 Re4 17. a4 Rg4 18. Nf4 g5 19. Nd3 Rh4 20. g3 Re4 21. Rfe1 Rae8 22. Nc5 R4e7 23. Nxb7 Qe6 24. Nc5 Qh3 25. e4 Kg7 26. Re3 dxe4 27. d5 Bd7 28. Nxd7 Rxd7 29. Rae1 f5 30. c4 Qh5 31. Qc3+ Kf7 32. f3 Rde7 33. g4 fxg4 34. fxe4 Qg6 35. e5 Kg8 36. e6 c6 37. Qe5 cxd5 38. cxd5 Kh7 39. Rf1 Qg7 40. Rf6 Rf8 41. Qf5+ Kg8 42. Rxf8+ Qxf8 43. Qxf8+ Kxf8 44. d6 Rb7 45. Rc3 Rb8 46. Rc7 Re8 47. Rf7+ Kg8 48. d7 Rd8 49. e7 Kxf7 1-0

[Event "Titled Tuesday intern op 09th Nov"]
[Site "Chess.com INT"]
[Date "2021.11.09"]
[Round "8"]
[White "Zemerov, Vladimir"]
[Black "Svicevic, Rastko"]
[Result "1-0"]
[WhiteElo "2268"]
[BlackElo "2223"]
[PlyCount "51"]
[EventDate "2021.11.09"]
[EventType "swiss (blitz)"]
[EventRounds "11"]
[EventCountry "USA"]
[SourceTitle "CBM 205 Extra"]
[Source "ChessBase"]
[SourceDate "2022.01.31"]
[SourceVersion "1"]
[SourceVersionDate "2022.01.31"]
[SourceQuality "1"]

1. d4 d5 2. Nf3 c6 3. c4 e6 4. e3 f5 5. Be2 Nf6 6. h3 Bd6 7. Nc3 Nbd7 8. Qc2 Ne4 9. Bd2 Ndf6 10. Ne5 0-0 11. Bf3 Nxd2 12. Qxd2 Bxe5 13. dxe5 Nd7 14. cxd5 cxd5 15. Qd4 Qc7 16. Nxd5 exd5 17. Bxd5+ Kh8 18. e6 Nf6 19. Bb3 Qa5+ 20. Ke2 Re8 21. Rhd1 Bxe6 22. Kf1 Rad8 23. Qf4 Bxb3 24. axb3 Rxd1+ 25. Rxd1 Qb4 26. Qxb4 1-0

[Event "Titled Tuesday intern op 26th Oct"]
[Site "Chess.com INT"]
[Date "2021.10.26"]
[Round "11"]
[White "Simonovic, Miroslav"]
[Black "Zemerov, Vladimir"]
[Result "0-1"]
[WhiteElo "2115"]
[BlackElo "2268"]
[PlyCount "94"]
[EventDate "2021.10.26"]
[EventType "swiss (blitz)"]
[EventRounds "11"]
[EventCountry "USA"]
[SourceTitle "CBM 204 Extra"]
[Source "ChessBase"]
[SourceDate "2021.11.30"]
[SourceVersion "1"]
[SourceVersionDate "2021.11.30"]
[SourceQuality "1"]

1. d4 d6 2. Bg5 g6 3. h4 Bg7 4. e3 h6 5. Bf4 Nc6 6. c4 e5 7. dxe5 dxe5 8. Qxd8+ Nxd8 9. Bg3 Be6 10. Nc3 c6 11. Nf3 f6 12. h5 g5 13. Bd3 Ne7 14. 0-0-0 Nf7 15. e4 0-0-0 16. b3 Nd6 17. Rhe1 Bg4 18. Be2 Bxh5 19. Ng1 Bxe2 20. Ngxe2 h5 21. f3 Ng6 22. Bf2 h4 23. c5 Nf7 24. Rxd8+ Rxd8 25. Rd1 Nf4 26. Rxd8+ Kxd8 27. Nxf4 exf4 28. Bd4 Ke7 29. Kd2 Ke6 30. b4 Bf8 31. Nd1 f5 32. Nf2 Be7 33. exf5+ Kxf5 34. Ng4 a6 35. Kd3 Bf8 36. a4 Nh6 37. Ne5 Bg7 38. Nd7 Bxd4 39. Kxd4 g4 40. fxg4+ Nxg4 41. Kc4 f3 42. gxf3 Nf6 43. Nxf6 Kxf6 44. b5 a5 45. bxc6 bxc6 46. Kd3 h3 47. Ke3 h2 0-1

[Event "Titled Tuesday intern op 26th Oct"]
[Site "Chess.com INT"]
[Date "2021.10.26"]
[Round "5"]
[White "Zemerov, Vladimir"]
[Black "Tasev, Dejan"]
[Result "1-0"]
[WhiteElo "2268"]
[BlackElo "2305"]
[PlyCount "87"]
[EventDate "2021.10.26"]
[EventType "swiss (blitz)"]
[EventRounds "11"]
[EventCountry "USA"]
[SourceTitle "CBM 204 Extra"]
[Source "ChessBase"]
[SourceDate "2021.11.30"]
[SourceVersion "1"]
[SourceVersionDate "2021.11.30"]
[SourceQuality "1"]

1. Nf3 Nf6 2. c4 g6 3. Nc3 Bg7 4. e4 d6 5. d4 0-0 6. Be2 e5 7. d5 a5 8. Bg5 h6 9. Bh4 g5 10. Bg3 Nh5 11. h4 Nxg3 12. fxg3 g4 13. Nh2 h5 14. 0-0 Bh6 15. Kh1 Na6 16. Nxg4 hxg4 17. Bxg4 Nc5 18. Bf5 Bxf5 19. Rxf5 Kh7 20. Qh5 f6 21. Raf1 Qe8 22. Qf3 Qg6 23. Nb5 Rf7 24. g4 Raf8 25. g5 Bxg5 26. hxg5 Kg8 27. Rxf6 Rxf6 28. gxf6 Kf7 29. Nxc7 Rh8+ 30. Kg1 Qh6 31. Ne6 Qh2+ 32. Kf2 Qh4+ 33. Ke3 Nxe6 34. dxe6+ Kxe6 35. f7 Qh6+ 36. Kd3 Rf8 37. Qf5+ Ke7 38. Rf3 Qc1 39. Qf6+ Kd7 40. Qg7 Qd1+ 41. Ke3 Qd4+ 42. Ke2 Qxe4+ 43. Kf2 Qd4+ 44. Kg3 1-0

[Event "Titled Tuesday intern op 19th Oct"]
[Site "Chess.com INT"]
[Date "2021.10.19"]
[Round "3"]
[White "Klabis, Rokas"]
[Black "Zemerov, Vladimir"]
[Result "1/2-1/2"]
[WhiteElo "2332"]
[BlackElo "2268"]
[PlyCount "137"]
[EventDate "2021.10.19"]
[EventType "swiss (blitz)"]
[EventRounds "11"]
[EventCountry "USA"]
[SourceTitle "CBM 204 Extra"]
[Source "ChessBase"]
[SourceDate "2021.11.30"]
[SourceVersion "1"]
[SourceVersionDate "2021.11.30"]
[SourceQuality "1"]

1. e4 Nc6 2. Nc3 Nf6 3. Bb5 d5 4. e5 Ne4 5. Qf3 Nxc3 6. dxc3 Be6 7. Ne2 a6 8. Bxc6+ bxc6 9. Nf4 Qd7 10. Qg3 g6 11. Nd3 Bg7 12. Nc5 Qc8 13. Nxe6 Qxe6 14. Bf4 f6 15. 0-0 fxe5 16. Bg5 0-0 17. Rfe1 Qf7 18. Qh4 e6 19. Re2 Qd7 20. Bh6 Rf5 21. Bxg7 Qxg7 22. Rae1 Raf8 23. Qa4 Qd7 24. Qxa6 e4 25. a4 Qd6 26. a5 c5 27. Qa7 Qc6 28. a6 Ra8 29. Qb7 Rxa6 30. Qxc6 Rxc6 31. Ra1 Rb6 32. b3 Rf8 33. Ra5 Rc6 34. c4 Kf7 35. h3 Rd8 36. Re3 Kf6 37. cxd5 exd5 38. Rc3 d4 39. Rcxc5 Rxc5 40. Rxc5 d3 41. cxd3 exd3 42. Rc1 Ke5 43. Kf1 Kd4 44. Rc4+ Kd5 45. Ke1 Rb8 46. Rxc7 Rxb3 47. Kd2 Rb2+ 48. Ke3 Re2+ 49. Kxd3 Rxf2 50. Rxh7 Rxg2 51. Ke3 Ke5 52. Kf3 Ra2 53. Kg4 Rg2+ 54. Kf3 Rg1 55. Ra7 Kf6 56. Ra6+ Kg5 57. Kf2 Rb1 58. Ra4 Kh5 59. Kg3 Rb3+ 60. Kg2 g5 61. Rc4 Ra3 62. Rb4 Rc3 63. Ra4 Rb3 64. Rc4 Ra3 65. Rc8 Rb3 66. Rh8+ Kg6 67. h4 gxh4 68. Rxh4 Kg5 69. Rc4 1/2-1/2

[Event "Titled Tuesday intern op 19th Oct"]
[Site "Chess.com INT"]
[Date "2021.10.19"]
[Round "6"]
[White "Miszler, Levente"]
[Black "Zemerov, Vladimir"]
[Result "0-1"]
[WhiteElo "2242"]
[BlackElo "2268"]
[PlyCount "37"]
[EventDate "2021.10.19"]
[EventType "swiss (blitz)"]
[EventRounds "11"]
[EventCountry "USA"]
[SourceTitle "CBM 204 Extra"]
[Source "ChessBase"]
[SourceDate "2021.11.30"]
[SourceVersion "1"]
[SourceVersionDate "2021.11.30"]
[SourceQuality "1"]

1. Nf3 Nc6 2. d4 d5 3. Nc3 Bg4 4. e3 e6 5. h3 Bxf3 6. Qxf3 Bb4 7. Bd2 Nf6 8. Bd3 e5 9. dxe5 Nxe5 10. Qg3 Nxd3+ 11. cxd3 0-0 12. 0-0 d4 13. exd4 c6 14. Bg5 Be7 15. Rfe1 Nd5 16. Bxe7 Nxe7 17. Re4 Nf5 18. Ne2 Nxg3 19. Nxg3 0-1

[Event "Titled Tuesday intern op 19th Oct"]
[Site "Chess.com INT"]
[Date "2021.10.19"]
[Round "10"]
[White "Shuvalov, Evgenij"]
[Black "Zemerov, Vladimir"]
[Result "0-1"]
[WhiteElo "2182"]
[BlackElo "2268"]
[PlyCount "90"]
[EventDate "2021.10.19"]
[EventType "swiss (blitz)"]
[EventRounds "11"]
[EventCountry "USA"]
[SourceTitle "CBM 204 Extra"]
[Source "ChessBase"]
[SourceDate "2021.11.30"]
[SourceVersion "1"]
[SourceVersionDate "2021.11.30"]
[SourceQuality "1"]

1. b4 d5 2. Bb2 Nf6 3. e3 g6 4. f4 Bg7 5. Nf3 0-0 6. Be2 Nbd7 7. 0-0 b6 8. b5 Bb7 9. Nd4 Nc5 10. Nc3 Qd7 11. a4 Nfe4 12. a5 Rae8 13. Na4 Nxa4 14. Rxa4 Nc5 15. Ra2 e5 16. fxe5 Bxe5 17. Bf3 Qd6 18. g3 a6 19. axb6 cxb6 20. bxa6 Bxa6 21. Rf2 Bc8 22. Bg2 Ne4 23. Rf1 h5 24. Nb5 Qe7 25. Bxe5 Qxe5 26. Ra7 Bg4 27. Qe1 Rc8 28. Nd4 Nd6 29. Qf2 Nf5 30. c3 Nxd4 31. exd4 Qd6 32. Rxf7 Be6 33. Rf6 Kg7 34. h4 Qe7 35. Rf4 Rxf4 36. Qxf4 Rf8 37. Qe5+ Rf6 38. Re1 Qf7 39. Kh2 Kh7 40. Re2 Kg7 41. Rf2 b5 42. Kg1 Qf8 43. Rf4 Qd8 44. Kh2 Bf7 45. Bh3 Qd6 0-1

[Event "Titled Tuesday intern op 19th Oct"]
[Site "Chess.com INT"]
[Date "2021.10.19"]
[Round "4"]
[White "Zemerov, Vladimir"]
[Black "Nguyen, Hong Nhung"]
[Result "1-0"]
[WhiteElo "2268"]
[BlackElo "1697"]
[PlyCount "93"]
[EventDate "2021.10.19"]
[EventType "swiss (blitz)"]
[EventRounds "11"]
[EventCountry "USA"]
[SourceTitle "CBM 204 Extra"]
[Source "ChessBase"]
[SourceDate "2021.11.30"]
[SourceVersion "1"]
[SourceVersionDate "2021.11.30"]
[SourceQuality "1"]

1. Nf3 f5 2. d3 Nf6 3. Bg5 d5 4. Bxf6 exf6 5. d4 Bd6 6. e3 0-0 7. g3 Re8 8. Bg2 f4 9. gxf4 Bxf4 10. 0-0 Bd6 11. Qd3 Nc6 12. Nbd2 Ne7 13. Kh1 Bf5 14. Qb3 Rb8 15. Nh4 Be6 16. f4 c6 17. f5 Bf7 18. Rf2 Qc7 19. Bh3 Bg3 20. hxg3 Qxg3 21. Rh2 Qxh4 22. Rg1 Qh6 23. Bg4 Qg5 24. Nf3 Qh6 25. Rxh6 gxh6 26. Bh5+ Kf8 27. Bxf7 Kxf7 28. Nh4 b6 29. e4 Rg8 30. e5 Rg5 31. e6+ Kg7 32. Rxg5+ hxg5 33. Qg3 Rg8 34. Qc7 Re8 35. Nf3 Kf8 36. Qd6 Kg7 37. Qd7 Kf8 38. Nh2 h5 39. Nf1 h4 40. Ne3 Ra8 41. Ng4 c5 42. Nxf6 cxd4 43. Qd6 Rc8 44. Nxd5 Rxc2 45. Qxe7+ Kg8 46. Nf6+ Kh8 47. Qh7# 1-0